Normal view
MARC view
- Lafont, Jean-Marie
Entry Personal Name
001 - CONTROL NUMBER
- control field: 14784
003 - CONTROL NUMBER IDENTIFIER
- control field: NUST
005 - DATE AND TIME OF LATEST TRANSACTION
- control field: 20190613062656.0
008 - FIXED-LENGTH DATA ELEMENTS
- fixed length control field: 190613|| aca||aabn | a|a d
040 ## - CATALOGING SOURCE
- Original cataloging agency: NUST
- Transcribing agency: NUST
100 ## - HEADING--PERSONAL NAME
- Personal name: Lafont, Jean-Marie
670 ## - SOURCE DATA FOUND
- Source citation: Work cat.: (NUST): Lafont, Jean-Marie, Maharaja Ranjit Singh : The French Connections /, 2001.
